| 000 | 00915nam a2200277Ia 4500 | ||
|---|---|---|---|
| 003 | CO-BoRNBP | ||
| 005 | 20230510192114.0 | ||
| 007 | ta | ||
| 008 | 180118s9999 xx 000 0 und d | ||
| 020 | _a9786071635426 | ||
| 040 |
_aCO-BoRNBP _bspa _erda _cCO-BoRNBP |
||
| 041 | _aspa | ||
| 084 | _aN MCC1 | ||
| 100 | 1 |
_aMcCaughrean, Geraldine, _91872 |
|
| 245 | 0 |
_aEl hijo del pirata / _c Geraldine McCaughrean ; ilustrado por Ricardo Peláez. |
|
| 250 | _aSegunda edición | ||
| 264 |
_aMéxico : _b Fondo de Cultura Económica, _c2016 |
||
| 300 |
_a343 páginas : _b ilustraciones en blanco y negro ; _c 19 cm |
||
| 336 |
_atexto _btxt _2rdacontent |
||
| 337 |
_asin mediación _bn _2rdamedia |
||
| 338 |
_avolumen _bnc _2rdacarrier |
||
| 490 | _aColección A la orilla del viento ; 129 | ||
| 650 | 1 | 4 |
_aNovela Juvenil Inglesa _2ARMARC _91873 |
| 700 | 1 |
_aPeláez, Ricardo, 1968- , ilustrador _91874 |
|
| 942 | _cBK | ||
| 999 |
_c9505 _d9505 |
||